Normal view
MARC view
Entry Personal Name
001 - CONTROL NUMBER
- control field: 1185627
003 - CONTROL NUMBER IDENTIFIER
- control field: OSt
005 - DATE AND TIME OF LATEST TRANSACTION
- control field: 20260324131451.0
008 - FIXED-LENGTH DATA ELEMENTS
- fixed length control field: 260324|| aca||aabn | a|a d
040 ## - CATALOGING SOURCE
- Original cataloging agency: OSt
- Transcribing agency: OSt
100 ## - HEADING--PERSONAL NAME
- Personal name: Christopher Dyer; Kate Giles
670 ## - SOURCE DATA FOUND
- Source citation: Work cat.: (OSt)1782800: Christopher Dyer; Kate Giles, Town and Country in the Middle Ages: Contrasts, Contacts and Interconnections, 1100-1500: No. 22
